Представление документа в формате RUSMARC

ПолеНазваниеЗначение
  Тип записи a
  Библиографический уровень m
001 Контрольный номер RU\NLR\BIBL_A\010435255
005 Дата корректировки 20201206204954.2
010 Индекс ISBN __
a ISBN 978-5-4468-0416-0 (в пер.)
d Цена 567-60
100 Данные общей обработки __
a Данные общей обработки 19150929d2014||||||| 0rusy0189 ca
101 Язык документа 0_
a Язык текста rus
102 Страна публикации __
a Страна публикации RU|
105 Кодированные данные (монография) __
a Кодированные данные (монография) #|||||||001zy
200 Заглавие и сведения об ответственности 1_
a Заглавие Педагогика и психология высшего образования
e Сведения, относящиеся к заглавию от деятельности к личности : учебное пособие для студентов высших учебных заведений, обучающихся по направлению "Психология"
f Первые сведения об ответственности С. Д. Смирнов
b Общее обозначение материала Текст
205 Сведения об издании __
a Основные сведения об издании 6-е изд., испр.
210 Выходные данные __
a Место издания Москва
c Издательство Академия
d Дата издания 2014
215 Физическое описание __
a Объем 393, [1] с.
d Формат 22 см
225 Серия __
a Серия Учебное пособие
225 Серия __
a Серия Высшее образование
i Наименование части Психология
300 Общие примечания __
a Общие примечания 500 экз.
320 Библиография __
a Библиография Библиогр.: с. 364-377
320 Библиография __
a Библиография Указатели: с. 378-390
330 Аннотация __
a Аннотация Дается краткий очерк истории и современного состояния высшей школы в России, анализируются тенденции развития высшего образования за рубежом. В систематической форме излагаются психолого-педагогические проблемы обучения в высшей школе. Наиболее развернуто представлены такие разделы, как психология деятельности, психология личности, психодиагностика в высшей школе, развитие творческого мышления в обучении, активные методы обучения, технические средства обучения, специфика профессиональной деятельности преподавателя вуза. Для студентов учреждений высшего образования.
606 Тематические рубрики __
a Основная рубрика Педагогическая психология взрослых
606 Тематические рубрики __
a Основная рубрика Психология
610 Ключевые слова __
a Ключевые слова ВУЗы
a Ключевые слова высшее образование
a Ключевые слова высшие учебные заведения
a Ключевые слова педагогика высшей школы
a Ключевые слова педагогическая психология
a Ключевые слова преподавание психологии
a Ключевые слова преподаватели вузов
a Ключевые слова профессиональная деятельность
a Ключевые слова психодиагностика
a Ключевые слова психология деятельности
a Ключевые слова психология личности
a Ключевые слова психология обучения
a Ключевые слова развитие творческого мышления
a Ключевые слова студенты
686 Индексы других классификаций __
2 Код системы rubbks
a Классификационный индекс 88.6я73
700 Автор _1
a Фамилия Смирнов
b Имя С. Д.
c Титул (звания) д-р психол. наук
g Полное личное имя Сергей Дмитриевич
4 Код отношения 070
801 Источник записи _0
a Страна RU
b Организация Муниципальное бюджетное учреждение культуры "Централизованная библиотечная система" г. Сургут (Центральная городская библиотека им. А. С. Пушкина)
c Дата составления 20150929
g Правила каталогизации КиК/Котельникова
801 Источник записи _1
a Страна RU
b Организация Муниципальное бюджетное учреждение культуры "Централизованная библиотечная система" г. Сургут (Центральная городская библиотека им. А. С. Пушкина)
c Дата составления 20150929
g Правила каталогизации КиК/Котельникова
852 Данные о местонахождении __
j Шифр хранения 88.6я73
i Авторский знак С 50
901 Тип документа __
t Тип документа m
903 Характеристики (МАРС) __
a Дата передачи 20150929
969 Тип издания __
a Тип издания учебное пособие
990 Данные о заказе (DOS) __
j Количество экземпляров (DOS) 3
t N записи в КСУ для И/У (DOS) 201510